Zoology for degree students: (Record no. 152892)

MARC details
000 -LEADER
fixed length control field 00624nam a22002057a 4500
005 - DATE AND TIME OF LATEST TRANSACTION
control field 20180626111420.0
010 ## - LCCN (DPL NO)
LC control number ENG-123278
020 ## - INTERNATIONAL STANDARD BOOK NUMBER
International Standard Book Number 9789352535255
Terms of availability 425.00
035 ## - SYSTEM CONTROL NUMBER
System control number EN-106810
037 ## - SOURCE OF ACQUISITION
Source of stock number/acquisition DBAD/PUB
082 ## - DEWEY DECIMAL CLASSIFICATION NUMBER
Classification number 590
100 ## - MAIN ENTRY--PERSONAL NAME
Personal name Agarwal, V K
245 ## - TITLE STATEMENT
Title Zoology for degree students:
Statement of responsibility, etc by V K Agarwal
Remainder of title BSc (Hons) Semester V /
260 ## - PUBLICATION, DISTRIBUTION, ETC. (IMPRINT)
Place of publication, distribution, etc New Delhi
Name of publisher, distributor, etc S Chand Publishing
Date of publication, distribution, etc 2018
270 ## - ADDRESS
Address Ram Nagar.
City New Delhi
Postal code 110055
300 ## - PHYSICAL DESCRIPTION
Extent 682p.
Dimensions 24cm(pbk)
Other physical details ill.
500 ## - GENERAL NOTE
General note As per UGC Choice Based Credit System (CBCS)
500 ## - GENERAL NOTE
General note it includes index
942 ## - ADDED ENTRY ELEMENTS (KOHA)
Source of classification or shelving scheme Dewey Decimal Classification
Item type English Books
Call number suffix AGA
Classification part 590
Holdings
Withdrawn status Lost status Not for loan Collection code Home library Current library Date acquired Source of acquisition Cost, normal purchase price Full call number Barcode Copy number Cost, replacement price Koha item type
    Not For Loan Non-fiction D.B.Act.Division Bawana 21/06/2018 DBAD/PUB 425.00 590 AGA EN-106810 1 425.00 English Books

© Delhi Public Library
Hit Counter
free hit counter